ARRUPE JESUIT UNIVERSITY

CORONAVIRUS -STOP THE SPREAD - CLEAN,DISINFECT,COVER

The God code : (Record no. 122798)

MARC details
000 -LEADER
fixed length control field 01645cam a22003374a 4500
001 - CONTROL NUMBER
control field 13270295
003 - CONTROL NUMBER IDENTIFIER
control field ARRUPE
005 - DATE AND TIME OF LATEST TRANSACTION
control field 20150528134403.0
008 - FIXED-LENGTH DATA ELEMENTS--GENERAL INFORMATION
fixed length control field 030711s2004 caua b 001 0 eng
010 ## - LIBRARY OF CONGRESS CONTROL NUMBER
LC control number 2003015712
020 ## - INTERNATIONAL STANDARD BOOK NUMBER
International Standard Book Number 1401902995
020 ## - INTERNATIONAL STANDARD BOOK NUMBER
International Standard Book Number 1401903002 (trade paper)
040 ## - CATALOGING SOURCE
Original cataloging agency DLC
Transcribing agency DLC
Modifying agency DLC
042 ## - AUTHENTICATION CODE
Authentication code pcc
050 00 - LIBRARY OF CONGRESS CALL NUMBER
Classification number BT180.N2
Item number B73 2004
082 00 - DEWEY DECIMAL CLASSIFICATION NUMBER
Classification number 299/.93
Edition number 22
300 ## - PHYSICAL DESCRIPTION
Other physical details ill. ;
Dimensions 24 cm.
100 1# - MAIN ENTRY--PERSONAL NAME
Personal name Braden, Gregg.
9 (RLIN) 17655
245 14 - TITLE STATEMENT
Title The God code :
Remainder of title the secret of our past, the promise of our future /
Statement of responsibility, etc Gregg Braden.
260 ## - PUBLICATION, DISTRIBUTION, ETC. (IMPRINT)
Place of publication, distribution, etc Carlsbad, Calif. :
Name of publisher, distributor, etc Hay House,
Date of publication, distribution, etc c2004.
300 ## - PHYSICAL DESCRIPTION
Extent xxiv, 289 p. :
504 ## - BIBLIOGRAPHY, ETC. NOTE
Bibliography, etc Includes bibliographical references and index.
505 0# - FORMATTED CONTENTS NOTE
Formatted contents note History : the story of our differences -- Bones, book, and cells : when evidence and theories collide -- From the lost books of creation : the power of heaven in bodies of earth -- The universe maker : in the words of another time -- The discovery : when letters become elements -- The code within the code : in each cell of every life, the name of God -- Message from the first day : reading the language of God -- What have we learned? surviving our future through the lessons of our past -- The God code : a reason to believe.
650 #0 - SUBJECT ADDED ENTRY--TOPICAL TERM
Topical term or geographic name as entry element God (Christianity)
General subdivision Name.
9 (RLIN) 17656
650 #0 - SUBJECT ADDED ENTRY--TOPICAL TERM
Topical term or geographic name as entry element Creation.
9 (RLIN) 17657
650 #0 - SUBJECT ADDED ENTRY--TOPICAL TERM
Topical term or geographic name as entry element Evolution.
9 (RLIN) 16208
650 #0 - SUBJECT ADDED ENTRY--TOPICAL TERM
Topical term or geographic name as entry element Hebrew language
Form subdivision Miscellanea.
9 (RLIN) 17658
650 #0 - SUBJECT ADDED ENTRY--TOPICAL TERM
Topical term or geographic name as entry element DNA
Form subdivision Miscellanea.
9 (RLIN) 17659
906 ## - LOCAL DATA ELEMENT F, LDF (RLIN)
a 7
b cbc
c orignew
d 1
e ecip
f 20
g y-gencatlg
942 ## - ADDED ENTRY ELEMENTS (KOHA)
Source of classification or shelving scheme Library of Congress Classification
Koha item type Monograph ( Printed materials)
Holdings
Withdrawn status Lost status Source of classification or shelving scheme Damaged status Not for loan Collection code Home library Current library Shelving location Date acquired Total Checkouts Full call number Barcode Date last seen Price effective from Koha item type
    Library of Congress Classification     Main Collection ARRUPE LIBRARY ARRUPE LIBRARY Main Collection 04/05/2015   BT180.N2B73 2004 46500002395 11/01/2017 04/05/2015 Monograph ( Printed materials)

 

Arrupe Library. PO Box MP320 Mt Pleasant, Harare, Zimbabwe
263 242 745411|librarian@aju.ac.zw